[Event "Gibraltar Challengers-A 14th"]
[Site "Caleta"]
[Date "2016.01.29"]
[Round "5"]
[White "Mohorea, Vasile"]
[Black "Lafortune, Emerick"]
[Result "0-1"]
[WhiteElo "2087"]
[BlackElo "1923"]
[PlyCount "58"]
[EventDate "2016.01.25"]
[EventType "swiss"]
[EventRounds "5"]
[EventCountry "GGB"]
[SourceTitle "CBM 170 Extra"]
[Source "ChessBase"]
[SourceDate "2016.02.25"]
[SourceVersion "1"]
[SourceVersionDate "2016.02.25"]
[SourceQuality "1"]

1. d4 Nf6 2. Nf3 d5 3. Bf4 c5 4. e3 Qb6 5. Qc1 Nc6 6. c3 Bf5 7. Nh4 Be4 8. f3 Bg6 9. Nxg6 hxg6 10. Nd2 Nh5 11. Nb3 Nxf4 12. dxc5 Nxg2+ 13. Kf2 Qc7 14. Kxg2 Qe5 15. Bb5 Qg5+ 16. Kf2 e5 17. Qg1 Qf6 18. Qg3 Be7 19. Ke2 a6 20. Bd3 0-0-0 21. Rac1 Qe6 22. Bb1 f5 23. h3 a5 24. a4 d4 25. c4 dxe3 26. h4 Nd4+ 27. Nxd4 exd4 28. Bd3 Bxc5 29. h5 Rh6 0-1

[Event "Gibraltar Challengers-A 14th"]
[Site "Caleta"]
[Date "2016.01.28"]
[Round "4"]
[White "Walton, Alan J"]
[Black "Mohorea, Vasile"]
[Result "1-0"]
[WhiteElo "2206"]
[BlackElo "2087"]
[PlyCount "101"]
[EventDate "2016.01.25"]
[EventType "swiss"]
[EventRounds "5"]
[EventCountry "GGB"]
[SourceTitle "CBM 170 Extra"]
[Source "ChessBase"]
[SourceDate "2016.02.25"]
[SourceVersion "1"]
[SourceVersionDate "2016.02.25"]
[SourceQuality "1"]

1. d4 d6 2. e4 g6 3. Nc3 Bg7 4. Be3 Nd7 5. Nf3 e5 6. Bc4 h6 7. 0-0 Ne7 8. Qd2 c6 9. a4 Qc7 10. Rad1 a6 11. h3 Nf8 12. dxe5 dxe5 13. Bc5 f6 14. Qe3 Nd7 15. Bxe7 Kxe7 16. Nh4 Nf8 17. Qc5+ Ke8 18. Nd5 Qd8 19. Nb6 Nd7 20. Qd6 Qxb6 21. Nxg6 Qc5 22. Qe6+ Kd8 23. Rxd7+ Bxd7 24. Rd1 Kc7 25. Rxd7+ Kb6 26. Nxh8 Bxh8 27. Bd3 Qb4 28. Qe7 Qxe7 29. Rxe7 Rb8 30. Rh7 Ka5 31. b3 b5 32. axb5 cxb5 33. c4 Rd8 34. cxb5 axb5 35. Be2 Rb8 36. Kh2 Kb4 37. g4 Kxb3 38. Bxb5 Kc3 39. Kg3 Kd4 40. Bc6 Kc5 41. Bd5 Rc8 42. Rxh6 Kd4 43. Rh7 Kd3 44. h4 Ke2 45. g5 fxg5 46. hxg5 Rf8 47. Bc4+ Ke1 48. Bf7 Ke2 49. Bc4+ Ke1 50. g6 Rc8 51. Rxh8 1-0

[Event "Gibraltar Challengers-A 14th"]
[Site "Caleta"]
[Date "2016.01.27"]
[Round "3"]
[White "Paronen, Petteri"]
[Black "Mohorea, Vasile"]
[Result "1-0"]
[WhiteElo "2122"]
[BlackElo "2087"]
[PlyCount "57"]
[EventDate "2016.01.25"]
[EventType "swiss"]
[EventRounds "5"]
[EventCountry "GGB"]
[SourceTitle "CBM 170 Extra"]
[Source "ChessBase"]
[SourceDate "2016.02.25"]
[SourceVersion "1"]
[SourceVersionDate "2016.02.25"]
[SourceQuality "1"]

1. e4 e6 2. d4 d5 3. e5 c5 4. c3 Qb6 5. Nf3 Bd7 6. dxc5 Bxc5 7. Qc2 Bb5 8. b4 Be7 9. Be3 Qa6 10. Bxb5+ Qxb5 11. Nd4 Qd7 12. Nd2 Nc6 13. Nxc6 Qxc6 14. Rc1 a5 15. 0-0 axb4 16. cxb4 Qxc2 17. Rxc2 Kd7 18. Rfc1 Bd8 19. Nb3 b6 20. Rc6 Rb8 21. Nd4 Rb7 22. Rd6+ Ke8 23. Rc8 Rd7 24. Nc6 Rxd6 25. exd6 Kd7 26. Rxd8+ Kxc6 27. Bd4 f6 28. f4 h5 29. a4 1-0